[Event "Challenge"]
[Site "http://www.queenalice.com/game.php?id=697280"]
[Date "2009.12.12"]
[Round "-"]
[White "RonB52734"]
[Black "ensito"]
[Result "1-0"]
[WhiteElo "1888"]
[BlackElo "1665"]

1. d4 e6 2. c4 c6 3. Nf3 Qb6 4. c5 Qd8 5. e4 b6 6. Bd3 bxc5 7. dxc5 Bxc5 8. Qc2
Qe7 9. e5 g6 10. Bg5 f6 11. exf6 Nxf6 12. Bxf6 Qxf6 13. Qxc5 Qxb2 14. Qc3 Qxc3+
15. Nxc3 Ba6 16. Be2 Bxe2 17. Nxe2 O-O 18. O-O Na6 19. Ne5 Rad8 20. Rfd1 Nc5 21.
Rd6 Ne4 22. Rxd7 Rxd7 23. Nxd7 Rxf2 24. Ng3 Rf4 25. Nxe4 1-0

[Event "AUTO-ADV-1525"]
[Site "http://www.queenalice.com/game.php?id=733858"]
[Date "2010.2.18"]
[Round "2"]
[White "Aguinaldo"]
[Black "RonB52734"]
[Result "1-0"]
[WhiteElo "1776"]
[BlackElo "1907"]

1. e4 e5 2. Nf3 Nc6 3. Bb5 a6 4. Bxc6 dxc6 5. d4 exd4 6. Qxd4 Qxd4 7. Nxd4 Bd7
8. Bf4 O-O-O 9. Nc3 Nf6 10. e5 Nd5 11. Nxd5 cxd5 12. O-O Bc5 13. c3 h5 14. b4
Be7 15. Rfe1 Be6 16. Nxe6 fxe6 17. a3 g5 18. Be3 g4 19. a4 h4 20. b5 Rdf8 21.
bxa6 bxa6 22. Rab1 g3 23. fxg3 hxg3 24. h3 Kd7 25. Rb7 Ra8 26. Bf4 Bh4 27. a5
Kc6 28. Reb1 Rhf8 29. Be3 Rf5 30. Bd4 Bg5 31. R7b3 Bf4 32. Rf1 Raf8 33. Rbb1 Kd7
34. Rf3 Ke8 35. Rb8+ Kd7 36. Rxf8 Rxf8 37. Kf1 Kc6 38. Be3 Bxe3 39. Rxf8 d4 40.
Rf3 1-0

[Event "AUTO-ADV-1525"]
[Site "http://www.queenalice.com/game.php?id=733859"]
[Date "2010.2.18"]
[Round "2"]
[White "RonB52734"]
[Black "Aguinaldo"]
[Result "1-0"]
[WhiteElo "1895"]
[BlackElo "1788"]

1. d4 e6 2. e4 Bb4+ 3. c3 Be7 4. Bd3 Nf6 5. e5 Nd5 6. Nf3 d6 7. O-O Bd7 8. Re1
Nc6 9. Be4 dxe5 10. dxe5 O-O 11. Bxd5 exd5 12. Qxd5 Be6 13. Qxd8 Raxd8 14. Bf4
Bg4 15. Nbd2 Bc5 16. b4 Be7 17. b5 Na5 18. e6 fxe6 19. Bxc7 Rc8 20. Bxa5 b6 21.
Bb4 Bxb4 22. cxb4 Rfe8 23. Rac1 Ra8 24. Ne5 Bf5 25. Nec4 Red8 26. Nb3 Rac8 27.
Ne3 Rxc1 28. Rxc1 Bd3 29. a4 h5 30. h3 Bg6 31. Rc7 Ra8 32. a5 bxa5 33. bxa5 Bd3
34. b6 axb6 35. axb6 Be4 36. b7 Bxb7 37. Rxb7 1-0

[Event "AUTO-OPEN-1758"]
[Site "http://www.queenalice.com/game.php?id=734813"]
[Date "2010.2.20"]
[Round "2"]
[White "rangelzintjf"]
[Black "RonB52734"]
[Result "1-0"]
[WhiteElo "2350"]
[BlackElo "1936"]

1. e4 e5 2. Nf3 Nc6 3. Bb5 a6 4. Ba4 Nf6 5. O-O Be7 6. Re1 b5 7. Bb3 O-O 8. c3
d5 9. exd5 Nxd5 10. Nxe5 Nxe5 11. Rxe5 c6 12. d4 Bd6 13. Re1 Qh4 14. g3 Qh3 15.
Re4 g5 16. a4 Bf5 17. Nd2 Bxe4 18. Nxe4 Be7 19. Bxg5 Bxg5 20. Nxg5 Qh6 21. h4
Ra7 22. axb5 a5 23. bxc6 Qxc6 24. Qf3 Rd7 25. Rxa5 Qf6 26. Rxd5 Qxf3 27. Nxf3
Rxd5 28. Bxd5 Rb8 29. b4 Rb5 30. Bc4 Rf5 31. Ne5 Kg7 32. Nxf7 Rf3 33. Ne5 Rxc3
34. b5 1-0

[Event "AUTO-OPEN-1758"]
[Site "http://www.queenalice.com/game.php?id=734814"]
[Date "2010.2.20"]
[Round "2"]
[White "RonB52734"]
[Black "rangelzintjf"]
[Result "0-1"]
[WhiteElo "1903"]
[BlackElo "2309"]

1. e4 c5 2. Nf3 g6 3. c3 Bg7 4. d4 cxd4 5. cxd4 d5 6. e5 Bg4 7. Bb5+ Nc6 8. Nbd2
e6 9. h3 Bxf3 10. Nxf3 Qa5+ 0-1

[Event "AUTO-OPEN-1758"]
[Site "http://www.queenalice.com/game.php?id=734817"]
[Date "2010.2.20"]
[Round "2"]
[White "Michihall"]
[Black "RonB52734"]
[Result "0-1"]
[WhiteElo "1858"]
[BlackElo "1901"]

1. d4 d5 2. c4 c6 3. Nc3 Nf6 4. Bg5 Nbd7 5. e3 e6 6. cxd5 exd5 7. Nf3 Be7 8. Bd3
O-O 9. Qc2 Re8 10. O-O Nf8 11. h3 Ne4 12. Bxe7 Qxe7 13. Bxe4 dxe4 14. Nd2 Bf5
15. Rae1 Qg5 16. Kh2 Qe7 17. f3 Qd6+ 18. Kh1 Qe6 19. fxe4 Bg6 20. Qb3 Qxb3 21.
Nxb3 Bxe4 22. Nc5 Bg6 23. Nxb7 Reb8 24. Na5 Rb6 25. b3 Ne6 26. Nc4 Rbb8 27. Ne5
Rf8 28. Nxc6 Ng5 29. Ne7+ Kh8 30. Nxg6+ hxg6 31. e4 Rac8 32. Nd5 Rc2 33. Nb4 Rd2
34. d5 Rd4 35. Nc6 Rxe4 36. Rxe4 Nxe4 37. Nxa7 Ng3+ 38. Kg1 Nxf1 39. Kxf1 Rd8
40. Nc6 Rxd5 41. b4 Rd1+ 42. Ke2 Ra1 43. b5 Rxa2+ 44. Kf3 Rb2 45. Na7 f5 46. Ke3
Rxg2 47. Kd4 f4 48. b6 Rb2 49. Ke4 Rxb6 50. Kxf4 Kh7 51. Nc8 Rf6+ 52. Kg5 Rf5+
53. Kg4 Kh6 54. Nd6 Rf1 55. Ne4 Rg1+ 56. Ng3 Rg2 57. Kf3 Rh2 58. Kg4 g5 59. Nf5+
Kg6 60. Ne7+ Kf7 61. Nf5 Rg2+ 62. Kf3 Rg1 63. Kf2 Ra1 64. Nd6+ Kg6 65. Ne4 Kh5
66. Kg2 Kh4 67. Nf2 Ra2 68. Kg1 Rxf2 69. Kxf2 Kxh3 70. Kg1 g4 71. Kh1 g3 72. Kg1
g2 73. Kf2 Kh2 0-1

[Event "AUTO-OPEN-1758"]
[Site "http://www.queenalice.com/game.php?id=734818"]
[Date "2010.2.20"]
[Round "2"]
[White "RonB52734"]
[Black "Michihall"]
[Result "1-0"]
[WhiteElo "1886"]
[BlackElo "1910"]

1. e4 e5 2. d4 exd4 3. Qxd4 Nc6 4. Qe3 d6 5. Nc3 Nf6 6. Bd2 Be7 7. O-O-O O-O 8.
f4 Be6 9. a3 h6 10. h3 a6 11. Nf3 d5 12. exd5 Nxd5 13. Nxd5 Bxd5 14. Bc3 Na7 15.
Qd4 Bf6 16. Qxd5 Bxc3 17. bxc3 Qxd5 18. Rxd5 Rad8 19. Bc4 Rxd5 20. Bxd5 b6 21.
Re1 Nb5 22. Kb2 Rd8 23. Bc4 Rd6 24. Bxb5 axb5 25. g4 c6 26. h4 f6 27. Nd4 Kf7
28. Kb3 g6 29. h5 gxh5 30. gxh5 c5 31. Nxb5 Re6 32. Rxe6 Kxe6 33. Nc7+ Kf5 34.
Nd5 b5 35. c4 Ke6 36. Nxf6 Kxf6 37. cxb5 Ke6 38. Kc4 Kd6 39. f5 1-0

[Event "AUTO-ADV-1783"]
[Site "http://www.queenalice.com/game.php?id=784003"]
[Date "2010.6.1"]
[Round "1"]
[White "geniolucio"]
[Black "RonB52734"]
[Result "0-1"]
[WhiteElo "1661"]
[BlackElo "1970"]

1. e4 e5 2. Nf3 Nc6 3. Bb5 a6 4. Ba4 Nf6 5. O-O Bc5 6. c3 b5 7. Bc2 d5 8. d4
dxe4 9. Nxe5 Nxe5 10. dxe5 Qxd1 11. Rxd1 Ng4 12. Rf1 Bf5 13. h3 Nxe5 14. Bf4 Bd6
15. Bb3 Nf3+ 16. gxf3 Bxf4 17. Rd1 O-O 18. Nd2 e3 19. fxe3 Bxe3+ 20. Kh2 Rad8
21. Ne4 Bxe4 22. fxe4 g6 23. Rxd8 Rxd8 24. Rf1 Rf8 25. Rf3 Bc1 26. Rf2 Kg7 27.
Bd5 f5 28. exf5 Rxf5 29. Rc2 Bf4+ 30. Kg2 Rxd5 31. Kf3 Rd2 32. Rc1 Bd6 33. Rb1
Rh2 34. a3 Rxh3+ 35. Ke4 h5 36. Kd5 Rf3 37. Kc6 Rf6 38. Kb7 Bf4 39. Rf1 h4 40.
b4 h3 41. Rd1 g5 42. Rd7+ Rf7 43. Rd3 h2 44. Rh3 g4 45. Rh4 g3 46. Kxa6 g2 47.
Rg4+ Kh6 48. Rxg2 Rf5 49. Rxh2+ Bxh2 0-1

[Event "AUTO-ADV-1783"]
[Site "http://www.queenalice.com/game.php?id=784004"]
[Date "2010.6.1"]
[Round "1"]
[White "RonB52734"]
[Black "geniolucio"]
[Result "1-0"]
[WhiteElo "1965"]
[BlackElo "1694"]

1. d4 g6 2. c4 Bg7 3. Nc3 e6 4. e4 Nc6 5. d5 exd5 6. cxd5 Ne5 7. f4 d6 8. fxe5
Bxe5 9. Nf3 Bg4 10. Bb5+ Kf8 11. h3 Bg3+ 12. Kf1 Bh5 13. Qd4 f6 14. Ng5 Be5 15.
Qf2 Qe7 16. g4 Kg7 17. Ne6+ Kf7 18. gxh5 a6 19. Be2 g5 20. Bxg5 h6 21. Bh4 c6
22. Qf5 Ke8 23. Qg6+ Kd7 24. Bg4 Kc8 25. Nd4+ Kb8 26. Nf5 Qc7 27. Qg7 Qxg7 28.
Nxg7 Ne7 29. Nf5 Nxf5 30. Bxf5 cxd5 31. exd5 Ka7 32. Rg1 Rad8 33. Bg3 Rhg8 34.
Bxe5 Rxg1+ 35. Kxg1 fxe5 36. Kh2 Rf8 37. Rf1 1-0

[Event "AUTO-ADV-1783"]
[Site "http://www.queenalice.com/game.php?id=784021"]
[Date "2010.6.1"]
[Round "1"]
[White "RonB52734"]
[Black "serrameira"]
[Result "1-0"]
[WhiteElo "1950"]
[BlackElo "1924"]

1. d4 d5 2. c4 e6 3. Nc3 Ne7 4. Nf3 Nd7 5. e4 c6 6. Bd3 dxe4 7. Nxe4 Nf5 8. O-O
Nf6 9. Nxf6+ Qxf6 10. Qc2 Nxd4 11. Nxd4 Qxd4 12. Be3 Qd7 13. Rfd1 Qc7 14. g3 h6
15. Bf4 e5 16. Bxe5 Qb6 17. Re1 Be6 18. Bf5 c5 19. Bxe6 fxe6 20. Qg6+ Ke7 21.
Bxg7 1-0

[Event "AUTO-ADV-1783"]
[Site "http://www.queenalice.com/game.php?id=784022"]
[Date "2010.6.1"]
[Round "1"]
[White "serrameira"]
[Black "RonB52734"]
[Result "0-1"]
[WhiteElo "1924"]
[BlackElo "1918"]

1. e4 e5 2. Nf3 Nc6 3. Bc4 Nf6 4. Ng5 Bc5 5. Nxf7 Bxf2+ 6. Kf1 Qe7 7. Nxh8 d5 8.
Bxd5 Bg4 9. Qxg4 Nxg4 10. h3 Qh4 11. c3 Bc5 12. Ke2 Nf2 13. Bf7+ Ke7 14. Rf1
Qxe4# 0-1

[Event "AUTO-ADV-1783"]
[Site "http://www.queenalice.com/game.php?id=784023"]
[Date "2010.6.1"]
[Round "1"]
[White "RonB52734"]
[Black "thw"]
[Result "1-0"]
[WhiteElo "1934"]
[BlackElo "1936"]

1. d4 e6 2. e4 d5 3. Nc3 Nf6 4. e5 Nfd7 5. f4 c5 6. Nf3 Nc6 7. Be3 Qb6 8. Na4
Qa5+ 9. c3 cxd4 10. b4 Nxb4 11. cxb4 Bxb4+ 12. Bd2 Bxd2+ 13. Nxd2 b5 14. Nb2 O-O
15. Nd3 Nb6 16. Kf2 Nc4 17. Nf3 Ne3 18. Qe1 Qa4 19. Qb4 Qc2+ 20. Qd2 Qc3 21.
Qxc3 dxc3 22. Kxe3 a5 23. Nd4 b4 24. Rc1 Ba6 25. Ne2 Bc4 26. a3 Bxd3 27. Kxd3
Rfc8 28. Nxc3 bxc3 29. Rxc3 Rcb8 30. Be2 1-0

[Event "AUTO-ADV-1783"]
[Site "http://www.queenalice.com/game.php?id=784024"]
[Date "2010.6.1"]
[Round "1"]
[White "thw"]
[Black "RonB52734"]
[Result "1-0"]
[WhiteElo "1923"]
[BlackElo "1934"]

1. e4 e5 2. Nf3 Nc6 3. Bb5 a6 4. Bxc6 dxc6 5. O-O Qd6 6. c3 Bg4 7. h3 Bxf3 8.
Qxf3 Nf6 9. Re1 Be7 10. d4 exd4 11. e5 Qd5 12. exf6 Qxf3 13. Rxe7+ Kf8 14. gxf3
gxf6 15. Rxc7 Rb8 16. cxd4 1-0

[Event "QA-ANNIV-06"]
[Site "http://www.queenalice.com/game.php?id=790997"]
[Date "2010.6.16"]
[Round "1"]
[White "RonB52734"]
[Black "coccobill"]
[Result "1/2-1/2"]
[WhiteElo "1974"]
[BlackElo "2110"]

1. d4 Nf6 2. c4 e5 3. dxe5 Ne4 4. a3 Bc5 5. e3 d6 6. Nf3 Bg4 7. Be2 Qe7 8. exd6
Bxd6 9. h3 Bf5 10. Nbd2 O-O 11. O-O Rd8 12. Qb3 Nc5 13. Qd1 Ne4 14. Nxe4 Bxe4
15. Qb3 Nc6 16. Bd2 Ne5 17. Bb4 Nxf3+ 18. Bxf3 Bxf3 19. gxf3 Qh4 20. Kg2 Qg5+
21. Kh1 Qh4 22. Kg2 Qg5+ 1/2-1/2

[Event "QA-ANNIV-06"]
[Site "http://www.queenalice.com/game.php?id=836922"]
[Date "2010.9.23"]
[Round "2"]
[White "Ninja"]
[Black "RonB52734"]
[Result "1-0"]
[WhiteElo "1934"]
[BlackElo "1919"]

1. e4 e5 2. Nf3 Nc6 3. Bb5 a6 4. Bxc6 dxc6 5. d3 f6 6. Be3 Bd6 7. c4 Bb4+ 8.
Nbd2 Qxd3 9. a3 Bxd2+ 10. Nxd2 Be6 11. c5 b5 12. cxb6 cxb6 13. b4 1-0